000 00402nam a2200145Ia 4500
008 230312s9999||||xx |||||||||||||| ||und||
020 _a9789699110214
082 _a891.4
_bFAI-M
100 _aمحمد فتح اللہ گولن
245 0 _aمحمد صلی اللہ علیہ وسلم نور سرمدی
260 _bہارمَنی
_apak
_c2011
300 _a490
650 _aLiterature
942 _cBK
999 _c14570
_d14570